• 首页
  • 本馆介绍
  • 公告通知
  • 最新文献
  • 馆藏检索
  • 电子资源
  • 读者导购
  • 参考咨询
  • 我的图书馆
  • 登录
  • 详细信息显示
  • 放入我的书架
  • 预约/预借图书
  • 作者相关作品
  • 分类相关作品
  • 丛书相关作品
  • 出版社相关作品

书目信息

  • 表格格式
  • 工作单格式
  • 卡片格式
题名:
凸优化教程
    
 
作者: 涅斯捷罗夫 著 ;周水生 译
分册:  
出版信息: 北京   机械工业出版社  2021.7
页数: 13,427页
开本: 24cm
丛书名:
单 册:
中图分类: O174.13
科图分类:
主题词: 凸分析--最优化算法--教材
电子资源:
ISBN: 978-7-111-65989-1
000 01138nam0 2200301 45
001 012001002916
005 20141010133714.0
010    @a978-7-111-65989-1@dCNY139.00
100    @a20200831d2020 em y0chiy50 ea
101 1  @achi@crus
102    @aCN@b110000
105    @ay az 001yy
106    @ar
200 1  @a凸优化教程@Atu you hua jiao cheng@b专著@dLectures on convex optimization@f(俄)尤里·涅斯捷罗夫(Yurii Nesterov)著@g周水生译@zeng
210    @a北京@c机械工业出版社@d2021.7
215    @a13,427页@d24cm
300    @a华章数学译丛
300    @a并列题名:Lectures on convex optimization
305    @a译自原书第2版
320    @a有书目(第418-420页)和索引
330    @a本书提供了凸优化一个全面的、最新的介绍,这是一个日益重要的领域,在应用数学、经济和金融、工程和计算机科学,特别是在数据科学和机器学习领域有广泛应用。
510 1  @aLectures on convex optimization@zeng
606 0  @a凸分析@x最优化算法@j教材
690    @aO174.13@v5
701  1 @c(俄)@a涅斯捷罗夫@Anie si jie luo fu@c(Nesterov, Yurii)@4著
702  0 @a周水生@Azhou shui sheng@4译
801  2 @aCN@bBJSDL@c20211018
905    @b1350814-6@dO174.13@e256@f3
    
    凸优化教程=Lectures on convex optimization/(俄)尤里·涅斯捷罗夫(Yurii Nesterov)著/周水生译.-北京:机械工业出版社,2021.7
    13,427页;24cm
    华章数学译丛.-并列题名:Lectures on convex optimization
    
    ISBN 978-7-111-65989-1:CNY139.00
    本书提供了凸优化一个全面的、最新的介绍,这是一个日益重要的领域,在应用数学、经济和金融、工程和计算机科学,特别是在数据科学和机器学习领域有广泛应用。
●
相关链接 在E读中查询图书 在五车中查询图书 在当当中查询图书 在豆瓣中查询图书


正题名:凸优化教程     索取号:O174.13/256         预约/预借

序号 登录号 条形码 馆藏地/架位号 状态 备注
1 1350814   213508140   第二样本阅览室/ [索取号:O174.13/256] 在馆    
2 1350815   213508159   第三借阅区/ [索取号:O174.13/256] 在馆    
3 1350816   213508168   第三借阅区/ [索取号:O174.13/256] 在馆    
唐山师范学院图书馆 欢迎您!
大连网信软件有限公司© 版权所有